=LDR 00000nam 2200000 4500 =001 000943 =005 20250712011609 =035 ##$$a 0010-0725000821 =007 ta =008 250712################a##########0#ind## =020 ##$$a 987-623-118-859-5 =082 ##$$a 398. 209 598 =084 ##$$a 398. 209 598 FAU p =100 #$$a Fauzia, Sarah =245 1#$$a Pantau Untuk Semua /$c Sarah Fauzia =250 ##$$a Cetakan Pertama =260 ##$$a Jakarta Timur :$b Badan Pengembangan dan Pembinaan Bahasa,$c 2024 =300 ##$$a 28 hlm. : $b Ilus. ; $c 29,7 cm =600 #4$$a Cerita Anak-Indonesia =856 ##$$a TBM As-Suhada =990 ##$$a TBM202400633